000 00509cam a2200193ua 4500
001 5826
005 20260515113936.0
008 131023n ii |||gr||||Z||||||eng
020 _a81-8069-179-9
040 _cMAIN
082 _a9954
245 1 1 _aBritish Forest Policy in Assam
_cBy Rajib Handique
260 _aNew Delhi:
_bConcept Publishing Company,
_c2004.
300 _axix,188p.
653 _aHistory
653 _aBritish Forest Policy in Assam
700 1 _aHandique,Rajib,
_eAuthor.,
942 _cBK
999 _c4976
_d4976